| 000 | 01440nam a2200349 i 4500 | ||
|---|---|---|---|
| 001 | 197970 | ||
| 003 | ES-MaACL | ||
| 005 | 20260208063017.0 | ||
| 008 | 251119s2025 sp a |||||| 001 | spa | ||
| 017 |
_aB 8487-2025 _bOficina Depósito Legal Barcelona |
||
| 020 | _a978-84-19703-49-1 | ||
| 040 |
_aES-MaACL _bspa _cES-MaACL _erda |
||
| 080 | _a929 Agustina de Aragón | ||
| 100 |
_aZurita Aldeguer, Rafael _d1964- _9242521 _eaut |
||
| 245 | 1 | 0 |
_aAgustina de Aragón : _bvida y mito de una heroína de guerra / _cRafael Zurita |
| 250 | _aPrimera edición: mayo 2025 | ||
| 264 | 1 |
_aBarcelona, _aMadrid _bÁtico de los Libros, _c2025 |
|
| 264 | 4 | _c© 2025 | |
| 300 |
_a573 páginas, 16 páginas de láminas sin numerar : _bfotografías, mapas, planos, ilustraciones (blanco y negro y color) ; _c23 cm |
||
| 336 |
_atexto _aimagen fija _2rdacontent |
||
| 337 |
_asin mediación _2rdamedia |
||
| 338 |
_avolumen _2rdacarrier |
||
| 490 | 0 |
_aÁtico Historia ; _v93 |
|
| 504 | _aBibliografía: páginas 527-565 (sin numerar). Índices | ||
| 600 | 4 |
_aAgustina de Aragón, _d1786-1858 _9242522 |
|
| 655 | 4 |
_aBiografías _9176647 |
|
| 852 |
_aES-MaACL _cDEPO1 _jA-15899 _xEncuadernación cartoné _9207033 |
||
| 942 |
_cMONOGRAFIA _n0 |
||
| 999 |
_c197970 _d197970 |
||